00832cam a2200241ra 450000100060000000300080000600500170001400800410003103500190007203500140009104000350010504100080014008200210014810000270016924500790019626000300027530000200030550000390032565000560036494200120042099900170043295201410044920919BD-RjUL20211209000628.0140302s1963 enk 00000 eng d a(BD-RjUL)20981 a(BD-RjUL) aBD-RjULbengcBD-RjULdBD-RjUL aeng 220a792.028bHOR1 aHochhuth, Rolf.96461314aThe representative /ctranslated with a preface by Robert David Macdonald.0 aLondon :bMethuen,c1963. a331 p. ;c22cm. aTranslation of Der Stellvertreter. aPius -- XII, -- Pope, -- 1876-1958 -- Drama.964614 2ddccBK c20919d20919 00102ddc40728NFICaRUCLbRUCLcReadingd1965-10-19eBlack wellg25.00l0o792.028 HOR 1963r2014-03-02 00:00:00tC-1w2014-03-02yBK